<?xml version="1.0" encoding="UTF-8"?>
<collection xmlns="http://www.loc.gov/MARC21/slim">
 <record>
  <leader>01433nab a2200217 i 4500</leader>
  <controlfield tag="001">publ35255</controlfield>
  <controlfield tag="005">20241203101635.0</controlfield>
  <controlfield tag="008">241203s2024    hu      o     000   hun d</controlfield>
  <datafield tag="022" ind1=" " ind2=" ">
   <subfield code="a">2939-5976</subfield>
  </datafield>
  <datafield tag="024" ind1="7" ind2=" ">
   <subfield code="a">10.56664/targum.2024.5.4</subfield>
   <subfield code="2">doi</subfield>
  </datafield>
  <datafield tag="024" ind1="7" ind2=" ">
   <subfield code="a">35613714</subfield>
   <subfield code="2">mtmt</subfield>
  </datafield>
  <datafield tag="040" ind1=" " ind2=" ">
   <subfield code="a">SZTE Publicatio Repozitórium</subfield>
   <subfield code="b">hun</subfield>
  </datafield>
  <datafield tag="041" ind1=" " ind2=" ">
   <subfield code="a">hun</subfield>
  </datafield>
  <datafield tag="100" ind1="1" ind2=" ">
   <subfield code="a">Mislovics Erzsébet</subfield>
  </datafield>
  <datafield tag="245" ind1="1" ind2="0">
   <subfield code="a">Szántó (Seligman) Eleázár életútja, önképe, szerepvállalása</subfield>
   <subfield code="h">[elektronikus dokumentum] /</subfield>
   <subfield code="c"> Mislovics Erzsébet</subfield>
  </datafield>
  <datafield tag="260" ind1=" " ind2=" ">
   <subfield code="c">2024</subfield>
  </datafield>
  <datafield tag="300" ind1=" " ind2=" ">
   <subfield code="a">44-66</subfield>
  </datafield>
  <datafield tag="490" ind1="0" ind2=" ">
   <subfield code="a">TARGUM: INTERPRETÁCIÓ KOMMENTÁR DISKURZUS</subfield>
   <subfield code="v">4 No. 5</subfield>
  </datafield>
  <datafield tag="520" ind1="3" ind2=" ">
   <subfield code="a">A tanulmány Szántó (Seligman) Eleázár (1829–1893) esettanulmányán keresztül az önazonosság kérdésére fókuszál a 19. században. A neológ tábort erősítő tanító, cikkíró és lapszerkesztő a zsidó társadalmat érő modernizáció hatásaira, a magyar társadalomban lezajló folyamatokra nem csupán reagál, de válaszokat fogalmaz meg. A tanulmány a cikkei alapján annak bemutatására törekszik, hogyan értékelte a saját helyzetét és szerepét a magyar és zsidó társadalomban, illetve hogyan fejezte ki a zsidó felekezethez való kötődését, és mennyiben támasztotta ezt alá a kortársai megítélése.</subfield>
  </datafield>
  <datafield tag="650" ind1=" " ind2="4">
   <subfield code="a">Filozófia, etika és vallástudományok</subfield>
  </datafield>
  <datafield tag="856" ind1="4" ind2="0">
   <subfield code="u">http://publicatio.bibl.u-szeged.hu/35255/1/Mislovics_Targum_4_Identitas-47-69.pdf</subfield>
   <subfield code="z">Dokumentum-elérés </subfield>
  </datafield>
 </record>
</collection>
